000 00838cab a2200325 4500
001 ABS59634
008 090401t1998 xxu||||| |||| 00| 0 eng d
035 _a(Sirsi) u89702
041 _aeng
245 _aRegional survey: North-east
260 _c1998
350 _a0
490 _aProperty Week
_v63(29) 13 November 1998, 64-85(8)
650 _aCOUNTY DURHAM
650 _aESTATE ACTION
650 _aGATESHEAD
650 _aHOUSING ESTATES
650 _aINDUSTRIAL SECTOR
650 _aNEWCASTLE
650 _aNORTH-EAST
650 _aOFFICE SECTOR
650 _aPLANNING
650 _aREGENERATION
650 _aREGIONAL DEVELOPMENT AGENCIES
650 _aSOCIAL HOUSING
650 _aWASHINGTON
690 _aPROPERTY-COMMERCIAL PROPERTY-COMMERCIAL PROPERTY MARKET
942 _n0
948 _c16/11/1998
999 _c56772
_d56772